000 00535nam a2200169 a 4500
001 000036443
005 20200930075732.0
008 120117s1985 ch 000 0 spa d
020 _a9187134004
040 _aDO-SdBNP
_bspa
_cBNPHU
245 0 0 _aChile, 1973-1984 / :
_bRigoberto García (ed.).
260 _aStockholm :
_bInstitute of Latin American Studies,
_c1985.
300 _a223 p. ;
_c23 cm.
500 _aIncluye referencias bibliográficas y notas al pie de las páginas
504 _aBibliografía : p. 223
049 _aBNPD
999 _c35934
_d35934